000 00546nam a2200193Ia 4500
003 OSt
005 20200813101739.0
008 190216s9999||||xx |||||||||||||| ||und||
020 _a9788188646173
040 _coclc
082 _a547
_bJAI/M
100 _aJain, M K
_93888
245 0 _aModern Organic Chemistry /
_cM K Jain ; S C Sharma
250 _a2nd Ed.
260 _bVishal Publishing Company,
_c2008.
_aJalandhar:
300 _a1240p
650 _aChemistry-Chemistry
942 _cBK
_2ddc
_h547
_iJAI/M
_k547
_mJAI/M
999 _c3753
_d3753